000 00945pam a2200229 a 4500
001 4397423
005 20180123033414.0
008 921019s1994 mnua 001 0 eng
010 _a 92039463
020 _a0314016856
040 _aDLC
_cDLC
_dDLC
041 _aeng
043 _an-us---
080 _a613.907 SIZ
082 0 0 _a613.907 SIZ
_220
100 1 _a10
101 _aGJIN
245 1 0 _aSexual behavior and pregnancy prevention /
_cFrances Sienkiewicz Sizer, Eleanor Noss Whitney, Linda Kelly DeBruyne ; with Caroline Ann Sizer ; contributing authors, Pat Amzler, Rhonda Helgerson.
906 _a7
_bcbc
_corignew
_d1
_eocip
_f19
_gy-gencatlg
942 _2ddc
_cBK
999 _c40702
_d40702